Economic geography / (Record no. 123775)
[ view plain ]
| 000 -LEADER | |
|---|---|
| fixed length control field | 00652nam a22002297a 4500 |
| 005 - DATE AND TIME OF LATEST TRANSACTION | |
| control field | 20170124105930.0 |
| 010 ## - LIBRARY OF CONGRESS CONTROL NUMBER | |
| LC control number | A-408646 |
| 020 ## - INTERNATIONAL STANDARD BOOK NUMBER | |
| Terms of availability | 39.00 |
| 035 ## - SYSTEM CONTROL NUMBER | |
| System control number | A-408646 |
| 037 ## - SOURCE OF ACQUISITION | |
| Source of stock number/acquisition | Cen Lib/Ret |
| 040 ## - CATALOGING SOURCE | |
| Original cataloging agency | DPL |
| Language of cataloging | EN |
| 082 ## - DEWEY DECIMAL CLASSIFICATION NUMBER | |
| Classification number | 330.9 |
| Item number | ALE |
| 100 ## - MAIN ENTRY--PERSONAL NAME | |
| Personal name | Alexander, John W. |
| 9 (RLIN) | 7985 |
| 245 ## - TITLE STATEMENT | |
| Title | Economic geography / |
| Statement of responsibility, etc | by John W. Alexander |
| 260 ## - PUBLICATION, DISTRIBUTION, ETC. (IMPRINT) | |
| Place of publication, distribution, etc | New Delhi |
| Name of publisher, distributor, etc | Printice-Hall of India |
| Date of publication, distribution, etc | 1977 |
| 270 ## - ADDRESS | |
| Address | M-97, Cannaught Circus |
| City | New Delhi |
| Postal code | 110001 |
| 300 ## - PHYSICAL DESCRIPTION | |
| Extent | 661p.: |
| Dimensions | 23cm(Hb) |
| Other physical details | ill. |
| 500 ## - GENERAL NOTE | |
| General note | Includes index |
| 650 ## - SUBJECT ADDED ENTRY--TOPICAL TERM | |
| Topical term or geographic name as entry element | Economic geography |
| 9 (RLIN) | 7891 |
| 650 ## - SUBJECT ADDED ENTRY--TOPICAL TERM | |
| Topical term or geographic name as entry element | Economics |
| 9 (RLIN) | 84863 |
| 942 ## - ADDED ENTRY ELEMENTS (KOHA) | |
| Source of classification or shelving scheme | Dewey Decimal Classification |
| Koha item type | English Books |
| Classification part | 330.9 |
| Call number suffix | ALE |
| Withdrawn status | Lost status | Damaged status | Not for loan | Home library | Current library | Date acquired | Source of acquisition | Cost, normal purchase price | Total Checkouts | Full call number | Barcode | Date last seen | Copy number | Cost, replacement price | Price effective from | Koha item type | Public note |
|---|---|---|---|---|---|---|---|---|---|---|---|---|---|---|---|---|---|
| Written off | Central Library | Central Library | 12/06/2015 | Cen Lib/Ret | 39.00 | 330.9 ALE | A-408646 | 12/06/2015 | 1 | 39.00 | 12/06/2015 | English Books | Written off on approval by DLB (By Circulation); dtd 15-06-2023 |
